000 00675nam a2200229 a 4500
001 BRCA_3524
005 20190320204323.0
008 260709s1873----u--a---###---#000-0#eng-#
041 _aeng
044 _au
050 4 _aE411
_b.K46 1873
100 1 _aKenly, John Reese
_d1822-1891.
_99155
245 1 0 _aMemoirs of a Maryland volunteer
_bWar with Mexico, in the years 1846-7-8
_cby John R. Kenly.
260 _aPhiladelphia : Pensilvania
_bJ.B. Lippincott
_c1873
300 _a521 p.
_bil.
_c22 cm.
500 _aIncluye apéndice.
500 _aB128
651 4 _aMéxico
_xHistoria.
_9614
651 4 _aEstados Unidos
_xHistoria.
_99156
902 _aGFM
942 _2lcc
_cB
999 _c3259
_d3259